000 00851ngm a22003130a 4500
001 PT28795
003 AR-LpoUNG
005 20210201232309.0
007 co ||u|||uuuuu
008 191001s2004||||bl |||||||||||||||||por d
020 _a9788574725611
_c$100
040 _aAR-LpoUNG
_bspa
_cAR-LpoUNG
_eaacr
041 _apor
044 _abl
082 0 _aR469 917ele
100 1 _aBuarque de Holanda Ferreira, Aurélio
245 1 0 _aMini Aurélio :
_bdicionário eletrónico
260 _aCuritiva :
_bPositivo,
_c2004.
505 0 _aAcompaña al impreso
650 4 _aDICCIONARIOS
650 4 _aLENGUA PORTUGUESA
650 4 _aLEXICOGRAFIA
650 4 _aMATERIAL DE REFERENCIA
650 4 _aTERMINOLOGIA
651 4 _aDOCUMENTOS TEORICOS O METODOLOGICOS
653 _aDICCIONARIOS DE PORTUGUES
905 _a28795
942 _cLSALA
999 _c53280
_d53280